000 00240nam a2200097Ia 4500
008 240625s9999 xx 000 0 und d
041 _aeng
082 _a808.20 SIN
100 _aSINGH VARUN
245 _aREPORT ON CREDIT APPRAISAL OF INDUSTRIAL
999 _c36669
_d36669